Guess the Country by Former Name - Statistics

General Stats
  • This quiz has been taken 37 times
    13 since last reset
  • The average score is 19 of 28
Answer Stats
Hint Answer % Correct
Gaulia France
92%
Persia Iran
92%
Bruma Myanmar
92%
Siam Thailand
92%
Dai Viet Vietnam
92%
Khmer Cambodia
83%
Swaziland Eswatini
75%
Macedonia North Macedonia
75%
Muscovy Russia
75%
Castille Spain
75%
Helvetia Switzerland
75%
Ottoman Turkey
75%
Papal States Vatican City
75%
East Pakistan Bangladesh
67%
Bohemia Czechia
67%
East Francia Germany
67%
Maratha India
67%
Joseon North Korea / South Korea
58%
Baluchistan Pakistan
58%
Ceylon Sri Lanka
58%
La Plata Argentina
50%
Abyssinia Ethiopia
50%
Livonian Order Latvia
50%
White Ruthenia Belarus
42%
Tokuwaga Japan
42%
Formosa Taiwan
42%
Gran ________ Columbia
33%
Dacia Romania
33%
No matching quizzes found
Score Distribution
Percent of People with Each Score
Percentile by Number Answered
Your Score History
You have not taken this quiz since the last reset